Articles of partnership between Messrs Samuel Green, Edmund Horace Green and Frederick Algernon Green (Record no. 116721)
[ view plain ]
| 000 -LEADER | |
|---|---|
| fixed length control field | 01151ctm a22002055a 4500 |
| 001 - CONTROL NUMBER | |
| control field | L141515 |
| 008 - FIXED-LENGTH DATA ELEMENTS--GENERAL INFORMATION | |
| fixed length control field | 071128s1894 xxk eng u |
| 035 ## - SYSTEM CONTROL NUMBER | |
| System control number | (Sirsi) u141515 |
| 041 0# - LANGUAGE CODE | |
| Language code of text/sound track or separate title | eng |
| 245 00 - TITLE STATEMENT | |
| Title | Articles of partnership between Messrs Samuel Green, Edmund Horace Green and Frederick Algernon Green |
| Remainder of title | dated 2 July 1894 |
| Medium | [manuscript] |
| 260 ## - PUBLICATION, DISTRIBUTION, ETC. | |
| Date of publication, distribution, etc. | 2 July 1894 |
| 300 ## - PHYSICAL DESCRIPTION | |
| Extent | 1 v. |
| Other physical details | in folder |
| Dimensions | 29 cm. + |
| Accompanying material | 2 sheets (25 x 40 cm, folded to 25 x 20 cm., and 20 x 26 cm.) |
| 340 ## - PHYSICAL MEDIUM | |
| Material base and configuration | Ink on paper |
| 351 ## - ORGANIZATION AND ARRANGEMENT OF MATERIALS | |
| Organization | Single item |
| 500 ## - GENERAL NOTE | |
| General note | Samuel Green was an auctioneer and surveyor, who carried out his business at 28 and 29 St Swithin's Lane, London. Edmund Horace and Frederick Algernon Green were his sons, and this document records their being taken into the business as partners. |
| 500 ## - GENERAL NOTE | |
| General note | Item is accompanied by a letter dated 2 July 1894 to Samuel Green from the accountants Alfd. Lass, Eood & Co., containing a statement of assets and liabilities, and a letter dated 6 July 1894 to Samuel Green from John Holmes & Son, solictiors, enclosing the articles of partnership. |
| 651 4# - SUBJECT ADDED ENTRY--GEOGRAPHIC NAME | |
| Geographic name | London |
| 690 ## - LOCAL SUBJECT ADDED ENTRY--TOPICAL TERM (OCLC, RLIN) | |
| Topical term or geographic name as entry element | PROPERTY |
| 942 ## - ADDED ENTRY ELEMENTS (KOHA) | |
| Suppress in OPAC | 0 |
| Withdrawn status | Lost status | Source of classification or shelving scheme | Damaged status | Not for loan | Home library | Current library | Shelving location | Date acquired | Total Checkouts | Full call number | Barcode | Date last seen | Copy number | Price effective from | Koha item type |
|---|---|---|---|---|---|---|---|---|---|---|---|---|---|---|---|
| Dewey Decimal Classification | London | London | Basement | 28/11/2007 | BASEMENT BOX 4 | 141515-1001 | 06/08/2019 | 1 | 06/08/2019 | Archive |